Biblioteca y Centro de Documentación

Observatorio sobre la Reforma de los Mercados Financieros Europeos [de la Fundación de Estudios Financieros] (2009) (Registro nro. 22919)

Detalles MARC
000 -CABECERA
Longitud fija campo de control 02288nam a2200505 c 4500
001 - NÚMERO DE CONTROL
Número de control 22919
003 - IDENTIFICADOR DE NÚMERO DE CONTROL
Identificador del número de control ES-MaCES
005 - FECHA Y HORA DE LA ÚLTIMA TRANSACCIÓN
Fecha y hora de la última transacción 20160421134419.0
008 - CAMPO FIJO DE DESCRIPCIÓN FIJA--INFORMACIÓN GENERAL
Códigos de información de longitud fija   100323s2010 sp d t 000 | spa d
017 ## - NÚMERO DE REGISTRO DE DERECHOS DE AUTOR Y DEPÓSITO LEGAL
Número de copyright o de depósito legal M 2288-2010
Agencia que asigna el número DL
020 ## - ISBN (INTERNATIONAL STANDARD BOOK NUMBER)
Número Internacional Normalizado para Libros (ISBN) 9788461376612
035 ## - NÚMERO DE CONTROL DEL SISTEMA
Número de control del sistema CES20100002091m
040 ## - FUENTE DE CATALOGACIÓN
Centro catalogador de origen ES-MaCES
Lengua de catalogación spa
Centro transcriptor ES-MaCES
245 00 - MENCIÓN DE TÍTULO
Título Observatorio sobre la Reforma de los Mercados Financieros Europeos [de la Fundación de Estudios Financieros] (2009)
Mención de responsabilidad, etc. directores, Ramiro Martínez-Pardo del Valle, Francisco Javier Zapata Cirugeda ; redactores del informe y conclusiones, Gloria Hernánez Aler, Alfredo Jiménez Fernández
260 ## - PUBLICACIÓN, DISTRIBUCIÓN, ETC (PIE DE IMPRENTA)
Lugar de publicación, distribución, etc. [Madrid]
Nombre del editor, distribuidor, etc. Fundación de Estudios Financieros
Fecha de publicación, distribución, etc. [2010]
300 ## - DESCRIPCIÓN FÍSICA
Extensión 288 p.
Otras características físicas gráf. col.
Dimensiones 28 cm
Material anejo 1 CD-ROM
490 1# - MENCIÓN DE SERIE
Mención de serie Papeles de la Fundación
Designación de volumen o secuencia 34
500 ## - NOTA GENERAL
Nota general Tít. del CD-ROM: Observatorio sobre la integración financiera en Europa, análisis del caso español
541 ## - NOTA DE LA FUENTE INMEDIANTE DE ADQUISICIÓN
Forma de adquisición Gratuito
650 #4 - ASIENTO SECUNDARIO DE MATERIA--TÉRMINO DE MATERIA
Término de materia o nombre geográfico como elemento inicial mercado financiero
9 (RLIN) 28150
650 #4 - ASIENTO SECUNDARIO DE MATERIA--TÉRMINO DE MATERIA
Término de materia o nombre geográfico como elemento inicial pérdida financiera
9 (RLIN) 28136
650 #4 - ASIENTO SECUNDARIO DE MATERIA--TÉRMINO DE MATERIA
Término de materia o nombre geográfico como elemento inicial pérdida económica
9 (RLIN) 27101
650 #4 - ASIENTO SECUNDARIO DE MATERIA--TÉRMINO DE MATERIA
Término de materia o nombre geográfico como elemento inicial política financiera
9 (RLIN) 28124
650 #4 - ASIENTO SECUNDARIO DE MATERIA--TÉRMINO DE MATERIA
Término de materia o nombre geográfico como elemento inicial Directiva de la CE
9 (RLIN) 29873
650 #4 - ASIENTO SECUNDARIO DE MATERIA--TÉRMINO DE MATERIA
Término de materia o nombre geográfico como elemento inicial armonización
9 (RLIN) 29884
650 #4 - ASIENTO SECUNDARIO DE MATERIA--TÉRMINO DE MATERIA
Término de materia o nombre geográfico como elemento inicial España
9 (RLIN) 26964
650 #4 - ASIENTO SECUNDARIO DE MATERIA--TÉRMINO DE MATERIA
Término de materia o nombre geográfico como elemento inicial 2009
9 (RLIN) 31942
650 #4 - ASIENTO SECUNDARIO DE MATERIA--TÉRMINO DE MATERIA
Término de materia o nombre geográfico como elemento inicial informe
9 (RLIN) 28986
650 #4 - ASIENTO SECUNDARIO DE MATERIA--TÉRMINO DE MATERIA
Término de materia o nombre geográfico como elemento inicial CD ROM
9 (RLIN) 30331
653 10 - TÉRMINO DE INDEXACIÓN--NO CONTROLADO
Término no controlado Financiación
650 #4 - ASIENTO SECUNDARIO DE MATERIA--TÉRMINO DE MATERIA
9 (RLIN) 30761
Término de materia o nombre geográfico como elemento inicial sector financiero
650 #4 - ASIENTO SECUNDARIO DE MATERIA--TÉRMINO DE MATERIA
9 (RLIN) 26752
Término de materia o nombre geográfico como elemento inicial UE
700 1# - ENCABEZAMIENTO SECUNDARIO--NOMBRE PERSONAL
Nombre de persona Martínez-Pardo del Valle, Ramiro
Término indicativo de función dir.
9 (RLIN) 17893
700 1# - ENCABEZAMIENTO SECUNDARIO--NOMBRE PERSONAL
Nombre de persona Zapata Cirugeda, Francisco Javier
Término indicativo de función dir.
9 (RLIN) 26512
700 1# - ENCABEZAMIENTO SECUNDARIO--NOMBRE PERSONAL
Nombre de persona Hernández Aler, Gloria
Término indicativo de función col.
9 (RLIN) 14658
700 1# - ENCABEZAMIENTO SECUNDARIO--NOMBRE PERSONAL
Nombre de persona Jiménez Fernández, Alfredo
Término indicativo de función col.
9 (RLIN) 15431
710 2# - ENCABEZAMIENTO SECUNDARIO--NOMBRE CORPORATIVO
Nombre de entidad o nombre de jurisdicción como elemento inicial Fundación de Estudios Financieros (Madrid)
Término indicativo de función ed.
9 (RLIN) 3793
740 02 - ENCABEZAMIENTO SECUNDARIO--TÍTULO ANALÍTICO/RELACIONADO NO CONTROLADO
Título relacionado o analítico no controlado Observatorio sobre la integración financiera en Europa, análisis del caso español
787 0# - ENTRADA DE OTRAS ESPECIFICACIONES
Título Observatorio sobre la Reforma de los Mercados Financieros Europeos [de la Fundación de Estudios Financieros] 2008
Número de control del registro relacionado (ES-MaCES)22539
710 2# - ENCABEZAMIENTO SECUNDARIO--NOMBRE CORPORATIVO
9 (RLIN) 3794
Nombre de entidad o nombre de jurisdicción como elemento inicial Fundación de Estudios Financieros (Madrid)
Unidad subordinada Observatorio sobre la Reforma de los Mercados Financieros
830 #0 - ENCABEZAMIENTO SECUNDARIO DE COLECCIÓN--TÍTULO UNIFORME
Título uniforme Papeles de la Fundación (Fundación de Estudios Financieros (Madrid))
Designación de volumen o secuencia 34
9 (RLIN) 34050
902 ## - CES. TIPO DE DOCUMENTO
Tipodoc (006$c Sirtex) LIB Libro
942 ## - ELEMENTOS KOHA
Fuente de clasificaión o esquema Clasificación propia del CES
Koha [por defecto] tipo de item Monografías
Parte de clasificación 0.0.
Existencias
Número de registro Signatura completa Tipo de item de Koha
076502 SR-CD-935 Monografías
076508 DPT-9219 Monografías
© CES, Consejo Económico y Social de España 2021